00382nam a2200157Ia 4500008004100000020001500041082001300056100001500069245002200084250000600106260002700112300001000139500002400149650001600173700003500189230524s9999 xx 000 0 und d a8188429635 a518bARU aS.Arumugam 0aNumerical Methods a2 aChennaibSCITECHc2013 a507p; aQuantity Number: 3 aMathematics a"A.Thangapandi Isaac,[etal..]"